Nachnamen, die auch Vornamen sind - Statistiken

Allgemein
  • Dieses Quiz wurde 255 mal gespielt
  • Das Durchschnittsergebnis liegt bei 12 aus 86
Antwortstatistiken
Nr. Antwort alternative
Namensformen
% Korrekt
109. Peter
52%
160. Hein
46%
95. Thomas
44%
116. Paul
43%
295. Karl
40%
27. Werner
38%
55. Friedrich
36%
54. Frank
34%
76. Otto
34%
114. Hermann Herrmann (36.)
33%
106. Franz
31%
339. Klaus Claus (654.)
31%
16. Wolf Wolff (108.)
31%
57. Günther
30%
70. Martin
30%
192. Heinz Hinz (252.)
29%
69. Ludwig
29%
38. Walter Walther (145.) Wolter (230.)
29%
141. Fritz
28%
889. Michael
26%
81. Heinrich Henrich (971.)
25%
118. Wilhelm
24%
173. Stephan
23%
861. Lukas
20%
103. Ernst
19%
242. John
19%
65. Simon
18%
590. Bernhard
17%
757. Daniel
17%
194. Ulrich Ullrich (189.)
17%
761. David
16%
88. Dietrich Dietz (184.)
16%
626. Rudolf
16%
308. Konrad Conrad (294.) Kunz (149.)
15%
310. Philipp
15%
259. Will
13%
794. Horst
12%
213. Jakob Jacob (309.)
12%
675. Reinhard
12%
316. Albert
11%
436. Moritz
11%
345. Steffen
11%
139. Michel
10%
67. Albrecht
9%
892. Jonas
9%
709. Clemens
7%
427. Hagen
7%
60. Lorenz Lenz (122.)
7%
131. Lutz
7%
227. May Mai (412.)
7%
94. Arnold
6%
640. Augustin
6%
842. Bastian
5%
836. Berthold
5%
180. Adam
4%
446. Eberhardt
4%
477. Gabriel
4%
375. Anders
3%
142. Arndt
3%
573. Kilian
3%
623. Reinhold
3%
457. Bertram
2%
615. Eckhardt
2%
431. Falk
2%
100. Götz
2%
291. Henning Hennig (267.)
2%
548. Kasper
2%
235. Rose
2%
957. Andres
1%
826. Ewald
1%
384. Jordan
1%
828. Kersten
1%
447. Oswald
1%
113. Wenzel
1%
472. Wulf
1%
952. Emmerich
0%
444. Hartwig
0%
350. Jost
0%
490. Reimer
0%
858. Thies
0%
211. Urban
0%
730. Veit
0%
365. Wiegand
0%
428. Wieland
0%
253. Wilke
0%
866. Yilmaz
0%
Keine übereinstimmenden Quizze gefunden
Verteilung der Resultate
Anzahl Personen mit jedem Resultat
Perzentil nach korrekt beantworteten Fragen
Ihre Resultats-Entwicklung
Sie haben dieses Quiz noch nicht gespielt